[Event "SLO-chT (Women)"]
[Site "Maribor"]
[Date "2019.05.19"]
[Round "7.4"]
[White "Mar, Karmen"]
[Black "Kaps, Darja"]
[Result "0-1"]
[WhiteElo "2031"]
[BlackElo "2136"]
[PlyCount "50"]
[EventDate "2019.04.04"]
[EventType "team-tourn"]
[EventRounds "7"]
[EventCountry "SLO"]
[SourceTitle "CBM 190 Extra"]
[Source "ChessBase"]
[SourceDate "2019.07.15"]
[SourceVersion "1"]
[SourceVersionDate "2019.07.15"]
[SourceQuality "1"]
[WhiteTeam "Maribor (W)"]
[BlackTeam "Ljubljana (W)"]
[WhiteTeamCountry "SLO"]
[BlackTeamCountry "SLO"]

1. e4 c5 2. Nf3 e6 3. g3 Nc6 4. Bg2 Qc7 5. 0-0 Nf6 6. Qe2 d6 7. c3 Be7 8. d4 0-0 9. Re1 d5 10. exd5 Nxd5 11. Ne5 cxd4 12. Nxc6 bxc6 13. cxd4 Bf6 14. Rd1 Qb6 15. Qe4 Ba6 16. Nc3 Qb4 17. Rb1 Rac8 18. Nxd5 cxd5 19. Qg4 Rc2 20. a3 Qb3 21. Re1 Rfc8 22. Bg5 Bxg5 23. Qxg5 Rxb2 24. Rxb2 Qxb2 25. Qg4 Rc1 0-1

[Event "Olympiad Women-43"]
[Site "Batumi"]
[Date "2018.10.02"]
[Round "8.3"]
[White "Kaps, Darja"]
[Black "Lee, Seyeon"]
[Result "0-1"]
[WhiteElo "2148"]
[BlackElo "1727"]
[PlyCount "106"]
[EventDate "2018.09.24"]
[EventType "team-swiss"]
[EventRounds "11"]
[EventCountry "GEO"]
[SourceTitle "EXT 2020"]
[Source "ChessBase"]
[SourceDate "2019.10.17"]
[SourceVersion "1"]
[SourceVersionDate "2019.10.17"]
[SourceQuality "1"]
[WhiteTeam "Slovenia (W)"]
[BlackTeam "South Korea (W)"]
[WhiteTeamCountry "SLO"]
[BlackTeamCountry "KOR"]

1. e4 e5 2. Nc3 Nf6 3. g3 Bc5 4. Bg2 d6 5. Nge2 0-0 6. 0-0 a6 7. h3 Nc6 8. Kh2 Ne8 9. d3 f5 10. f4 exf4 11. Bxf4 Nf6 12. d4 Bb6 13. e5 dxe5 14. dxe5 Qxd1 15. Raxd1 Nd7 16. Bd5+ Kh8 17. e6 Nf6 18. Bb3 Re8 19. Bg5 Bxe6 20. Bxf6 gxf6 21. Bxe6 Rxe6 22. Rxf5 Rd8 23. Rxd8+ Nxd8 24. Nf4 Rc6 25. a4 Bd4 26. Rd5 Rd6 27. Rxd6 cxd6 28. Nd1 Kg7 29. Kg2 Kf7 30. Kf3 Ne6 31. c3 Ba7 32. b4 Nxf4 33. gxf4 Ke6 34. Ke4 d5+ 35. Kf3 b5 36. axb5 axb5 37. Nb2 d4 38. cxd4 Bxd4 39. Nd3 Kd5 40. f5 Bc3 41. Nf4+ Kc4 42. Ke4 Bxb4 43. h4 Bc3 44. Nd5 b4 45. Ne3+ Kc5 46. Kd3 Be5 47. Nc4 Bc3 48. Ne3 Kd6 49. Nc4+ Kd5 50. h5 h6 51. Ne3+ Ke5 52. Kc4 Kf4 53. Kd3 Kg5 0-1

[Event "Olympiad Women-43"]
[Site "Batumi"]
[Date "2018.09.28"]
[Round "5.21"]
[White "Chumpitaz Carbajal, Ann"]
[Black "Kaps, Darja"]
[Result "1-0"]
[WhiteElo "2222"]
[BlackElo "2148"]
[PlyCount "73"]
[EventDate "2018.09.24"]
[EventType "team-swiss"]
[EventRounds "11"]
[EventCountry "GEO"]
[SourceTitle "EXT 2020"]
[Source "ChessBase"]
[SourceDate "2019.10.17"]
[SourceVersion "1"]
[SourceVersionDate "2019.10.17"]
[SourceQuality "1"]
[WhiteTeam "Peru (W)"]
[BlackTeam "Slovenia (W)"]
[WhiteTeamCountry "PER"]
[BlackTeamCountry "SLO"]

1. e4 c5 2. Nf3 e6 3. d4 cxd4 4. Nxd4 Nc6 5. Nc3 Qc7 6. Be3 a6 7. Qf3 Nf6 8. 0-0-0 Bb4 9. Nxc6 Bxc3 10. Nd4 Bb4 11. Bf4 Qa5 12. a3 Be7 13. Nb3 Qh5 14. Qe3 e5 15. Bg3 d6 16. Nd2 b5 17. Be2 Bg4 18. f3 Be6 19. Bf2 Nd7 20. h4 f5 21. exf5 Qxf5 22. g4 Qf4 23. Qxf4 exf4 24. Ne4 d5 25. Nc3 0-0 26. Nxd5 Bd8 27. Rhe1 Bxd5 28. Rxd5 Nf6 29. Rd2 Ba5 30. c3 Rfc8 31. Bd1 Kf8 32. g5 Nh5 33. Rd7 Rc7 34. Rxc7 Bxc7 35. Bc5+ Kg8 36. Re7 Ba5 37. b4 1-0

[Event "Mitropa Cup (Women)"]
[Site "Le Castella"]
[Date "2018.06.07"]
[Round "6.3"]
[White "Froewis, Annika"]
[Black "Kaps, Darja"]
[Result "1-0"]
[WhiteElo "2085"]
[BlackElo "2154"]
[PlyCount "119"]
[EventDate "2018.05.31"]
[EventType "team-tourn"]
[EventRounds "7"]
[EventCountry "ITA"]
[SourceTitle "CBM 184 Extra"]
[Source "ChessBase"]
[SourceDate "2018.06.28"]
[SourceVersion "1"]
[SourceVersionDate "2018.06.28"]
[SourceQuality "1"]
[WhiteTeam "Austria (W)"]
[BlackTeam "Slovenia (W)"]
[WhiteTeamCountry "AUT"]
[BlackTeamCountry "SLO"]

1. e4 c5 2. Nf3 e6 3. d4 cxd4 4. Nxd4 Nc6 5. Nc3 Qc7 6. Be3 a6 7. Qf3 Nf6 8. 0-0-0 h5 9. Nxc6 bxc6 10. Qg3 Qxg3 11. hxg3 Ng4 12. Re1 Nxe3 13. Rxe3 Bc5 14. Rf3 d5 15. exd5 cxd5 16. Rh4 Bb7 17. Nd1 d4 18. Rd3 g5 19. Rh2 Ke7 20. Be2 g4 21. f3 f5 22. Nf2 e5 23. Rd1 e4 24. fxe4 fxe4 25. Bc4 Kf6 26. Rdh1 e3 27. Nxg4+ Kg5 28. Ne5 Rh7 29. Bd3 Rah8 30. Rf1 Bc8 31. Rf7 Bd6 32. Nf3+ Kg4 33. Rxh7 Rxh7 34. Rh4+ Kxg3 35. Bxh7 Bg4 36. Rxg4+ hxg4 37. Nxd4 Kxg2 38. Bd3 a5 39. Kd1 Kf2 40. Nf5 Be5 41. Nh6 Bxb2 42. Nxg4+ Kf3 43. Nh6 Bc3 44. a4 Kf4 45. Ke2 Bd4 46. Nf5 Bc5 47. c3 Bb6 48. Nd6 Bd8 49. Nc4 Bc7 50. Nxe3 Ke5 51. Bb5 Kd6 52. Kd3 Kc5 53. Nf5 Be5 54. Nd4 Bg3 55. Nb3+ Kb6 56. Kd4 Bf2+ 57. Kd5 Be1 58. c4 Bb4 59. c5+ Kc7 60. Nd4 1-0

[Event "SLO-ch (Women) 28th"]
[Site "Ljubljana"]
[Date "2018.04.29"]
[Round "4"]
[White "Kaps, Darja"]
[Black "Kejzar, Petra"]
[Result "1-0"]
[WhiteElo "2154"]
[BlackElo "2071"]
[PlyCount "117"]
[EventDate "2018.04.27"]
[EventType "tourn"]
[EventRounds "9"]
[EventCountry "SLO"]
[SourceTitle "CBM 184 Extra"]
[Source "ChessBase"]
[SourceDate "2018.06.28"]
[SourceVersion "1"]
[SourceVersionDate "2018.06.28"]
[SourceQuality "1"]

1. e4 c5 2. Nc3 Nc6 3. f4 d6 4. Nf3 e6 5. Bc4 a6 6. a4 Nf6 7. d3 Be7 8. 0-0 0-0 9. Qe1 d5 10. Bb3 Rb8 11. e5 Ne8 12. f5 c4 13. dxc4 Bc5+ 14. Kh1 dxc4 15. Bxc4 Nd4 16. f6 Nxc2 17. Qe4 Nxa1 18. Bh6 Nxf6 19. exf6 Qxf6 20. Bf4 Ra8 21. Rxa1 Bd7 22. Bd3 g6 23. Bg5 Qg7 24. Qh4 Rfc8 25. Bh6 Bf2 26. Qf4 Qh8 27. Ne5 Be8 28. Ne4 Be3 29. Nf6+ Qxf6 30. Qxf6 Bxh6 31. Ng4 Bg7 32. Qf2 Rd8 33. Bc4 Rd4 34. Ne3 Rad8 35. Be2 Bxa4 36. Rf1 Be8 37. Rd1 Rd2 38. Qe1 Rxd1 39. Nxd1 Bc6 40. Bf3 Bxf3 41. gxf3 Rd5 42. Kg2 Rg5+ 43. Kf1 Bd4 44. Qb4 e5 45. Qxb7 Rg1+ 46. Ke2 Rg2+ 47. Kd3 Rxh2 48. Qxa6 Bxb2 49. Qa2 e4+ 50. Kxe4 Rh4+ 51. Kd3 Bf6 52. Ne3 Rd4+ 53. Ke2 Rd8 54. Nd5 Bg7 55. f4 Rb8 56. Kf3 h5 57. Ne7+ Kf8 58. Qa3 Ke8 59. Nc6 1-0

[Event "SLO-chT (Women)"]
[Site "Murska Sobota"]
[Date "2018.04.22"]
[Round "3"]
[White "Mar, Karmen"]
[Black "Kaps, Darja"]
[Result "1/2-1/2"]
[WhiteElo "2047"]
[BlackElo "2154"]
[PlyCount "104"]
[EventDate "2018.04.10"]
[EventType "team-tourn"]
[EventRounds "7"]
[EventCountry "SLO"]
[SourceTitle "EXT 2020"]
[Source "ChessBase"]
[SourceDate "2019.10.17"]
[SourceVersion "1"]
[SourceVersionDate "2019.10.17"]
[SourceQuality "1"]
[WhiteTeam "Maribor ZSK (W)"]
[BlackTeam "Ljubljana SK (W)"]
[WhiteTeamCountry "SLO"]
[BlackTeamCountry "SLO"]

1. e4 c5 2. Nf3 e6 3. g3 Nc6 4. Bg2 Qc7 5. 0-0 Nf6 6. Re1 Be7 7. c3 d5 8. exd5 Nxd5 9. d4 cxd4 10. Nxd4 Nxd4 11. Qxd4 0-0 12. Nd2 Rd8 13. Qc4 Qd7 14. Qe2 b5 15. Nf3 Bb7 16. Ne5 Qe8 17. a4 a6 18. axb5 axb5 19. Be3 f6 20. Nd3 Rxa1 21. Rxa1 Qc6 22. Ne1 Ra8 23. Rxa8+ Bxa8 24. Qd3 Qa6 25. Bh3 g6 26. Bd4 Kg7 27. f4 Bd8 28. Qe2 Nc7 29. Kf2 Bd5 30. Nc2 Bc4 31. Qd2 Nd5 32. Ne3 Bb6 33. Nxd5 Bxd5 34. Bxb6 Qxb6+ 35. Qe3 Qd6 36. Bg2 Bc4 37. Qa7+ Kh6 38. Qd4 Qxd4+ 39. cxd4 b4 40. Ke3 g5 41. Bc6 gxf4+ 42. Kxf4 Kg6 43. Be8+ Kg7 44. g4 h6 45. Bc6 Kf7 46. Ke4 Ke7 47. Kf4 Kd6 48. Bf3 Bd3 49. h4 Bc2 50. Be4 Bd1 51. Bg2 Be2 52. Be4 Bd1 1/2-1/2

[Event "SLO-chT (Women)"]
[Site "Murska Sobota"]
[Date "2018.04.20"]
[Round "1"]
[White "Kaps, Darja"]
[Black "Vucko, Maja"]
[Result "1-0"]
[WhiteElo "2154"]
[BlackElo "1852"]
[PlyCount "119"]
[EventDate "2018.04.10"]
[EventType "team-tourn"]
[EventRounds "7"]
[EventCountry "SLO"]
[SourceTitle "EXT 2020"]
[Source "ChessBase"]
[SourceDate "2019.10.17"]
[SourceVersion "1"]
[SourceVersionDate "2019.10.17"]
[SourceQuality "1"]
[WhiteTeam "Ljubljana SK (W)"]
[BlackTeam "Kocevje (W)"]
[WhiteTeamCountry "SLO"]
[BlackTeamCountry "SLO"]

1. e4 c5 2. d3 Nc6 3. g3 g6 4. Bg2 Bg7 5. f4 e6 6. Nf3 Nge7 7. 0-0 0-0 8. c3 b5 9. Be3 d6 10. Nbd2 Rb8 11. Qc2 a5 12. Rae1 Ba6 13. Bf2 Qd7 14. e5 c4 15. dxc4 dxe5 16. fxe5 b4 17. b3 bxc3 18. Qxc3 Nb4 19. Ne4 Qc7 20. a3 Nbc6 21. Nc5 Bc8 22. Nd3 Rd8 23. Ng5 Nf5 24. g4 Nh6 25. h3 Qe7 26. Bxc6 Qxg5 27. Nc5 Bf8 28. Ne4 Qe7 29. Bc5 Qc7 30. Bxf8 Kxf8 31. Qe3 Kg7 32. Qg5 Ng8 33. Bb5 Bb7 34. Nd6 Qc5+ 35. Qe3 Qxe3+ 36. Rxe3 Rf8 37. b4 axb4 38. axb4 Ne7 39. Ra3 Nc8 40. Ne8+ Kh8 41. Nf6 Ra8 42. Rxa8 Bxa8 43. Nd7 Rd8 44. Rxf7 Kg8 45. Rf6 Na7 46. Ba4 Bc6 47. Bxc6 Nxc6 48. Rxe6 Nxb4 49. Rd6 Kf7 50. Nb6 Rb8 51. Kf2 Na6 52. Ke3 Nc5 53. Kd4 Ne6+ 54. Kd5 Nf4+ 55. Kc6 Nxh3 56. e6+ Ke7 57. Nd5+ Ke8 58. Kc7 Ra8 59. e7 Kf7 60. Kd7 1-0

[Event "EU-chT (Women) 21st"]
[Site "Heraklion"]
[Date "2017.11.05"]
[Round "8.3"]
[White "Kaps, Darja"]
[Black "Stetsko, Lanita"]
[Result "0-1"]
[WhiteElo "2196"]
[BlackElo "2254"]
[PlyCount "124"]
[EventDate "2017.10.28"]
[EventType "team-swiss"]
[EventRounds "9"]
[EventCountry "GRE"]
[SourceTitle "CBM 181 Extra"]
[Source "ChessBase"]
[SourceDate "2017.12.12"]
[SourceVersion "1"]
[SourceVersionDate "2017.12.12"]
[SourceQuality "1"]
[WhiteTeam "Slovenia (W)"]
[BlackTeam "Belarus (W)"]
[WhiteTeamCountry "SLO"]
[BlackTeamCountry "BLR"]

1. d4 Nf6 2. Nf3 d5 3. Bf4 g6 4. e3 Bg7 5. Nbd2 0-0 6. Be2 c5 7. c3 b6 8. Ne5 Bb7 9. 0-0 Nfd7 10. Ndf3 Nc6 11. Nxc6 Bxc6 12. b4 Re8 13. a4 a5 14. b5 Bb7 15. Qd2 e5 16. dxe5 Nxe5 17. Rfd1 Nd7 18. Rac1 Nf6 19. Qa2 Ne4 20. c4 Nc3 21. Rxc3 Bxc3 22. cxd5 Qd7 23. Bc4 Qf5 24. Qb3 Bg7 25. Bc7 Qd7 26. d6 Bxf3 27. gxf3 Be5 28. Bd5 Rac8 29. f4 c4 30. Bxc4 Bxd6 31. Rxd6 Qxc7 32. Rc6 Qd7 33. Bd5 Rcd8 34. e4 Qg4+ 35. Qg3 Qd1+ 36. Kg2 Rxd5 37. exd5 Qxd5+ 38. Qf3 Qd4 39. f5 Re4 40. fxg6 hxg6 41. Rf6 Re5 42. Qa8+ Kg7 43. Rf3 Qxa4 44. Qc6 Rg5+ 45. Rg3 Rxg3+ 46. hxg3 Qd4 47. Qa8 a4 48. Qa6 a3 49. Qxa3 Qd5+ 50. Kg1 Qxb5 51. Qc3+ Kg8 52. Qf6 Qc5 53. g4 b5 54. Kg2 b4 55. f4 Qc2+ 56. Kf3 b3 57. f5 b2 58. fxg6 Qb3+ 59. Kf4 b1Q 60. Qd8+ Kg7 61. Qd4+ Kxg6 62. Qd6+ Qe6 0-1

[Event "EU-chT (Women) 21st"]
[Site "Heraklion"]
[Date "2017.10.31"]
[Round "4.2"]
[White "Machlik, Monika"]
[Black "Kaps, Darja"]
[Result "1/2-1/2"]
[WhiteElo "2037"]
[BlackElo "2196"]
[PlyCount "216"]
[EventDate "2017.10.28"]
[EventType "team-swiss"]
[EventRounds "9"]
[EventCountry "GRE"]
[SourceTitle "CBM 181 Extra"]
[Source "ChessBase"]
[SourceDate "2017.12.12"]
[SourceVersion "1"]
[SourceVersionDate "2017.12.12"]
[SourceQuality "1"]
[WhiteTeam "Norway (W)"]
[BlackTeam "Slovenia (W)"]
[WhiteTeamCountry "NOR"]
[BlackTeamCountry "SLO"]

1. d4 Nf6 2. c4 c5 3. d5 e6 4. Nc3 exd5 5. cxd5 d6 6. e4 g6 7. f4 Bg7 8. Bb5+ Nfd7 9. a4 0-0 10. Nf3 Re8 11. 0-0 Na6 12. Re1 Nb4 13. h3 a6 14. Bf1 Nf6 15. e5 dxe5 16. fxe5 Nfxd5 17. Bg5 Qd7 18. Ne4 b6 19. Qd2 Bb7 20. a5 Qc7 21. axb6 Qxb6 22. Kh1 Re6 23. Rac1 Rc8 24. Bc4 h5 25. Rcd1 Qc6 26. Nd6 Rxd6 27. exd6 Qxd6 28. Be7 Qf4 29. Qxf4 Nxf4 30. Kh2 Bxb2 31. Rd7 Bd5 32. Bxd5 Nfxd5 33. Bd6 Bf6 34. Rf1 Ne3 35. Rc1 Nd3 36. Rb1 c4 37. Rbb7 Nf5 38. Ba3 Ne5 39. Nxe5 Bxe5+ 40. Kg1 c3 41. Bc1 Bg3 42. Rd1 Re8 43. Bg5 Nd4 44. Ra1 c2 45. Kf1 Re5 46. Bd2 Rf5+ 47. Kg1 Kh7 48. Kh1 Ne2 49. Rb3 Be5 50. Re1 Ng3+ 51. Kg1 h4 52. Rf3 Bd4+ 53. Kh2 Bf2 54. Rc1 Ne4 55. Rxf5 gxf5 56. Rxc2 Bc5 57. Bf4 a5 58. Rc4 Kg6 59. Bc7 Bb4 60. Rc6+ f6 61. Ra6 Nc5 62. Ra8 a4 63. Ba5 Ba3 64. Bb6 Nd7 65. Bc7 Bb2 66. Rxa4 Kg5 67. Kh1 Ne5 68. Ra8 Bd4 69. Rg8+ Ng6 70. Ra8 Be3 71. Ra3 f4 72. Ra5+ Kh6 73. Rf5 Kg7 74. Rd5 Kf7 75. Ba5 Ke6 76. Rd8 Bf2 77. Re8+ Kf5 78. Be1 Bg3 79. Kg1 Ne5 80. Bxg3 fxg3 81. Kf1 Ng6 82. Ke2 Ne5 83. Ra8 Ng6 84. Ra4 Kg5 85. Ke3 f5 86. Ra5 Nf4 87. Kf3 Nd3 88. Ra1 Nf4 89. Rd1 Nh5 90. Rd8 Nf6 91. Ra8 Nh5 92. Rg8+ Kf6 93. Rh8 Kg6 94. Ra8 Kg5 95. Rg8+ Kf6 96. Rh8 Kg6 97. Ke3 Kg5 98. Rg8+ Kf6 99. Kf3 Ng7 100. Rh8 Kg5 101. Rg8 Kf6 102. Ra8 Kg5 103. Ra6 Nh5 104. Ra8 Nf4 105. Rg8+ Ng6 106. Ra8 Nf4 107. Rd8 Ng6 108. Ra8 Nf4 1/2-1/2

[Event "SLO-chT 27th"]
[Site "Slovenia"]
[Date "2017.09.30"]
[Round "2.4"]
[White "Zirkelbach, Maj"]
[Black "Kaps, Darja"]
[Result "1-0"]
[WhiteElo "2209"]
[BlackElo "2182"]
[PlyCount "65"]
[EventDate "2017.09.29"]
[EventType "team-tourn"]
[EventRounds "9"]
[EventCountry "SLO"]
[SourceTitle "EXT 2018"]
[Source "ChessBase"]
[SourceDate "2017.10.13"]
[SourceVersion "1"]
[SourceVersionDate "2017.10.13"]
[SourceQuality "1"]
[WhiteTeam "Novo Mesto Krka"]
[BlackTeam "Ljubljana Duol"]
[WhiteTeamCountry "SLO"]
[BlackTeamCountry "SLO"]

1. d4 Nf6 2. c4 c5 3. d5 e6 4. Nc3 exd5 5. cxd5 d6 6. Nf3 g6 7. Bf4 Bg7 8. Qa4+ Bd7 9. Qb3 Qc7 10. h3 0-0 11. e3 a6 12. a4 Nh5 13. Bh2 f5 14. Be2 Bh6 15. Ne5 f4 16. Bxh5 gxh5 17. Nc4 b5 18. axb5 axb5 19. Rxa8 bxc4 20. Qxc4 fxe3 21. 0-0 exf2+ 22. Kh1 Be3 23. Qd3 Re8 24. Ne4 Bd4 25. Qg3+ Bg4 26. Nxd6 Re3 27. Qxf2 Rf3 28. Qe1 Re3 29. Qd2 Bxh3 30. Nc4 Rg3 31. gxh3 h4 32. Bxg3 hxg3 33. Qf4 1-0

[Event "SLO-chT 27th"]
[Site "Slovenia"]
[Date "2017.09.29"]
[Round "1.2"]
[White "Kaps, Darja"]
[Black "Medvesek, Janez"]
[Result "1-0"]
[WhiteElo "2182"]
[BlackElo "1740"]
[PlyCount "83"]
[EventDate "2017.09.29"]
[EventType "team-tourn"]
[EventRounds "9"]
[EventCountry "SLO"]
[SourceTitle "EXT 2018"]
[Source "ChessBase"]
[SourceDate "2017.10.13"]
[SourceVersion "1"]
[SourceVersionDate "2017.10.13"]
[SourceQuality "1"]
[WhiteTeam "Ljubljana Duol"]
[BlackTeam "Zagorje ob Savi"]
[WhiteTeamCountry "SLO"]
[BlackTeamCountry "SLO"]

1. e4 c5 2. d3 Nc6 3. Nc3 Nf6 4. g3 d5 5. exd5 Nxd5 6. Bg2 e6 7. Nge2 Be7 8. 0-0 0-0 9. Bd2 b6 10. Nf4 Nxc3 11. Bxc3 Bb7 12. Qg4 Bf6 13. Nxe6 fxe6 14. Bxc6 Bxc3 15. bxc3 Bxc6 16. Qxe6+ Kh8 17. Qxc6 Rc8 18. Qe6 Re8 19. Qg4 Qf6 20. Rae1 h6 21. Qd7 Red8 22. Qa4 Rc7 23. Re8+ Rxe8 24. Qxe8+ Kh7 25. Qe4+ Kh8 26. d4 cxd4 27. cxd4 Qc6 28. d5 Qxc2 29. Qe8+ Kh7 30. d6 Qc6 31. Qe5 Rd7 32. Rd1 b5 33. Qf5+ g6 34. Qf6 a5 35. h4 h5 36. Qe6 b4 37. g4 hxg4 38. h5 gxh5 39. Rd5 Qc1+ 40. Kg2 Qc6 41. Kh2 g3+ 42. fxg3 1-0

[Event "Mitropa Cup (Women)"]
[Site "Balatonszarszo"]
[Date "2017.09.21"]
[Round "5.1"]
[White "Kaps, Darja"]
[Black "Navrotescu, Andreea Cristiana"]
[Result "1-0"]
[WhiteElo "2182"]
[BlackElo "2219"]
[PlyCount "129"]
[EventDate "2017.09.17"]
[EventType "team-tourn"]
[EventRounds "9"]
[EventCountry "HUN"]
[SourceTitle "CBM 180 Extra"]
[Source "ChessBase"]
[SourceDate "2017.10.06"]
[SourceVersion "1"]
[SourceVersionDate "2017.10.06"]
[SourceQuality "1"]
[WhiteTeam "Slovenia (W)"]
[BlackTeam "France (W)"]
[WhiteTeamCountry "SLO"]
[BlackTeamCountry "FRA"]

1. e4 c5 2. d3 Nc6 3. g3 g6 4. Bg2 Bg7 5. f4 d6 6. Nc3 e6 7. Nf3 Nge7 8. 0-0 0-0 9. a4 Rb8 10. Ne2 f5 11. h3 a6 12. Kh2 b5 13. axb5 axb5 14. c3 Qc7 15. Be3 c4 16. Nfd4 Kh8 17. b4 fxe4 18. dxe4 Bd7 19. Qd2 Nxd4 20. Nxd4 e5 21. Ne2 Ra8 22. Rad1 Ra6 23. fxe5 Rxf1 24. Bxf1 Bxe5 25. Bg2 Be6 26. Nd4 Qd7 27. Rf1 Kg8 28. Bh6 Ra8 29. Qf2 Kh8 30. Bf4 Bg7 31. Qd2 Bg8 32. Nf3 Nc8 33. Ng5 Ra3 34. e5 d5 35. Ne4 Qa7 36. Nf6 Ra2 37. Qe3 Qxe3 38. Bxe3 Be6 39. Bd4 Ne7 40. Ne8 Nf5 41. Nxg7 Kxg7 42. Bf2 h5 43. Kg1 Re2 44. Ra1 Kf7 45. Ra7+ Ke8 46. Rb7 Bd7 47. Bxd5 Rxe5 48. Bf3 Ne3 49. Rb6 Bxh3 50. Bc6+ Ke7 51. Rxb5 Re6 52. Rb7+ Kf6 53. Bd7 Bg2 54. Ra7 Re7 55. Bxe3 Rxe3 56. Kxg2 Rxc3 57. b5 Rb3 58. Rc7 c3 59. Rc4 Ke7 60. Bc6 g5 61. Kf2 Kf7 62. Ke2 Ke7 63. Kd3 c2+ 64. Kxc2 Rxg3 65. b6 1-0

[Event "Mitropa Cup (Women)"]
[Site "Balatonszarszo"]
[Date "2017.09.19"]
[Round "3.1"]
[White "Kaps, Darja"]
[Black "Vajda, Szidonia"]
[Result "1/2-1/2"]
[WhiteElo "2182"]
[BlackElo "2358"]
[PlyCount "73"]
[EventDate "2017.09.17"]
[EventType "team-tourn"]
[EventRounds "9"]
[EventCountry "HUN"]
[SourceTitle "CBM 180 Extra"]
[Source "ChessBase"]
[SourceDate "2017.10.06"]
[SourceVersion "1"]
[SourceVersionDate "2017.10.06"]
[SourceQuality "1"]
[WhiteTeam "Slovenia (W)"]
[BlackTeam "Hungary (W)"]
[WhiteTeamCountry "SLO"]
[BlackTeamCountry "HUN"]

1. e4 e5 2. Nc3 Nc6 3. g3 Bc5 4. Bg2 Nf6 5. h3 a6 6. Nge2 Nd4 7. Nxd4 Bxd4 8. Ne2 Ba7 9. c4 d6 10. 0-0 Be6 11. b3 h5 12. d4 Qc8 13. h4 Bh3 14. f3 0-0 15. Bb2 Re8 16. Kh2 Bxg2 17. Kxg2 b5 18. Rc1 Qb7 19. c5 Rad8 20. c6 Qb6 21. d5 Rf8 22. Qd2 Nh7 23. f4 Nf6 24. fxe5 Nxe4 25. Qc2 Qe3 26. Rf3 Qd2 27. Qxd2 Nxd2 28. Rd3 Ne4 29. Nf4 dxe5 30. Bxe5 Bb6 31. Nxh5 f6 32. Bb2 Nf2 33. Rd2 Ne4 34. Rd3 Nf2 35. Rd2 Ne4 36. Rdd1 Nf2 37. Rd2 1/2-1/2

[Event "CRO-chT2 West"]
[Site "Croatia"]
[Date "2017.03.25"]
[Round "1.3"]
[White "Jurman, Pjerino"]
[Black "Kaps, Darja"]
[Result "1-0"]
[WhiteElo "1980"]
[BlackElo "2201"]
[PlyCount "161"]
[EventDate "2017.03.25"]
[EventType "team-tourn"]
[EventRounds "9"]
[EventCountry "CRO"]
[SourceTitle "EXT 2020"]
[Source "ChessBase"]
[SourceDate "2019.10.17"]
[SourceVersion "1"]
[SourceVersionDate "2019.10.17"]
[SourceQuality "1"]

1. d4 f5 2. c4 Nf6 3. Nf3 g6 4. g3 Bg7 5. Bg2 0-0 6. Nc3 d6 7. 0-0 c6 8. b3 Ne4 9. Bb2 Nxc3 10. Bxc3 c5 11. Qc2 Nc6 12. Rad1 cxd4 13. Nxd4 Nxd4 14. Bxd4 Bxd4 15. Rxd4 Qb6 16. Rfd1 Be6 17. e4 f4 18. Qe2 Rf6 19. g4 f3 20. Bxf3 Raf8 21. R4d3 Qc5 22. h3 Qe5 23. Rf1 h5 24. Bg2 hxg4 25. hxg4 Rf4 26. f3 Kg7 27. Qe3 b6 28. Qd4 Kf6 29. Rfd1 g5 30. Qxe5+ Kxe5 31. Kh2 Rh8+ 32. Kg3 a5 33. Rc3 Rff8 34. Rcc1 Rh6 35. Rh1 Rfh8 36. Rhd1 Rf8 37. a3 Rc8 38. Bf1 Rh1 39. Be2 Rxd1 40. Rxd1 Rh8 41. a4 Rh7 42. Rb1 Kd4 43. b4 Ke3 44. Bf1 Rf7 45. Rb3+ Kd4 46. bxa5 bxa5 47. Rb5 Ke3 48. Bg2 Bxc4 49. Rxa5 e5 50. Ra8 Be2 51. Rc8 Ra7 52. Rc3+ Kd4 53. Rc6 Ra6 54. Rc2 Ke3 55. Ra2 Ra5 56. Ra3+ Kd4 57. Kf2 Ba6 58. Bf1 Bxf1 59. Kxf1 d5 60. exd5 Kxd5 61. Kf2 e4 62. Ke3 exf3 63. Kxf3 Kd4 64. Re3 Ra8 65. Re4+ Kd5 66. Rb4 Ke6 67. Ke4 Ra5 68. Rb6+ Kf7 69. Rb4 Ke6 70. Rd4 Kf6 71. Kd3 Ra8 72. Kc3 Ke5 73. Kd3 Kf6 74. Re4 Rd8+ 75. Kc3 Rd1 76. a5 Ra1 77. Kb4 Kf7 78. Kb5 Kf6 79. a6 Rb1+ 80. Kc6 Rc1+ 81. Kb5 1-0

[Event "SLO-chT2 West"]
[Site "Slovenia"]
[Date "2015.11.07"]
[Round "6"]
[White "Kaps, Darja"]
[Black "Bavec, Vinko"]
[Result "1-0"]
[WhiteElo "2169"]
[BlackElo "1610"]
[PlyCount "65"]
[EventDate "2015.10.17"]
[EventType "team-tourn"]
[EventRounds "7"]
[EventCountry "SLO"]
[SourceTitle "EXT 2019"]
[Source "ChessBase"]
[SourceDate "2018.10.10"]
[SourceVersion "1"]
[SourceVersionDate "2018.10.10"]
[SourceQuality "1"]
[WhiteTeam "Ljubljana SK"]
[BlackTeam "Loska Dolina"]
[WhiteTeamCountry "SLO"]
[BlackTeamCountry "SLO"]

1. f4 d5 2. Nf3 Nf6 3. g3 g6 4. Bg2 Bg7 5. 0-0 0-0 6. d3 Nc6 7. c3 Bg4 8. Qe1 Bxf3 9. Bxf3 e6 10. Bg2 Ne7 11. Nd2 c6 12. e4 dxe4 13. dxe4 Qb6+ 14. Kh1 Qc7 15. e5 Nd7 16. Ne4 Rad8 17. c4 Nb6 18. b3 Nec8 19. Ba3 Ne7 20. Bd6 Qd7 21. Nc5 Qe8 22. Rd1 Kh8 23. Nxb7 Rc8 24. a4 Rg8 25. a5 Nd7 26. Ba3 Rc7 27. a6 Nc8 28. Qa5 Ndb6 29. c5 Na8 30. Qa4 Bf8 31. Bb4 Qe7 32. Ba5 Rd7 33. Qxc6 1-0

[Event "SLO-chT2 West"]
[Site "Slovenia"]
[Date "2015.11.07"]
[Round "5"]
[White "Mlakar, Matej"]
[Black "Kaps, Darja"]
[Result "0-1"]
[WhiteElo "1390"]
[BlackElo "2169"]
[PlyCount "60"]
[EventDate "2015.10.17"]
[EventType "team-tourn"]
[EventRounds "7"]
[EventCountry "SLO"]
[SourceTitle "EXT 2019"]
[Source "ChessBase"]
[SourceDate "2018.10.10"]
[SourceVersion "1"]
[SourceVersionDate "2018.10.10"]
[SourceQuality "1"]
[WhiteTeam "Komenda II"]
[BlackTeam "Ljubljana SK"]
[WhiteTeamCountry "SLO"]
[BlackTeamCountry "SLO"]

1. e4 c5 2. Nc3 e6 3. f4 Nc6 4. Nf3 a6 5. Be2 Qc7 6. d3 b5 7. b3 Bb7 8. Be3 Nf6 9. 0-0 Ng4 10. Qd2 Nxe3 11. Qxe3 Nd4 12. Qd2 Rc8 13. a4 b4 14. Nd1 Qxf4 15. Rf2 Qxd2 16. Nxd2 Nxc2 17. Rc1 Nd4 18. Bg4 Be7 19. Ne3 0-0 20. Nec4 f5 21. exf5 exf5 22. Bf3 Bxf3 23. gxf3 Bg5 24. Kg2 Bh4 25. Rff1 Ne2 26. Rcd1 Nf4+ 27. Kg1 d5 28. Nb2 Rf6 29. Kh1 Re6 30. Kg1 Rce8 0-1

[Event "SLO-ch (Women)"]
[Site "Ljubljana"]
[Date "2015.04.25"]
[Round "1"]
[White "Kaps, Darja"]
[Black "Kolaric, Spela"]
[Result "1-0"]
[WhiteElo "2219"]
[BlackElo "2087"]
[PlyCount "89"]
[EventDate "2015.04.25"]
[EventType "tourn"]
[EventRounds "9"]
[EventCountry "SLO"]
[SourceTitle "EXT 2019"]
[Source "ChessBase"]
[SourceDate "2018.10.10"]
[SourceVersion "1"]
[SourceVersionDate "2018.10.10"]
[SourceQuality "1"]

1. f4 d5 2. b3 Nf6 3. Bb2 g6 4. Nf3 Bg7 5. e3 0-0 6. Be2 c5 7. 0-0 Nc6 8. Ne5 d4 9. Nxc6 bxc6 10. Na3 Be6 11. Nc4 Bxc4 12. Bxc4 Qd6 13. Qf3 Nd7 14. e4 e5 15. f5 gxf5 16. Qxf5 Qe7 17. Rf3 Nb6 18. Ba6 Rad8 19. Ba3 Qd6 20. Raf1 Rde8 21. Qh5 Re7 22. Rg3 Re6 23. Rf5 Rg6 24. Qf3 Bh6 25. Rf6 Qd7 26. Bxc5 Re8 27. Bxb6 axb6 28. Bc4 Re7 29. Rgxg6+ hxg6 30. Rxg6+ Kh7 31. Rf6 Kg7 32. Rf5 b5 33. Qg3+ Kh7 34. Bd3 Qd6 35. Qh4 Kg7 36. Rf3 Ra7 37. Qg4+ Kf8 38. Qc8+ Ke7 39. Qg8 Qg6 40. Qb8 Rxa2 41. Qxe5+ Qe6 42. Qc7+ Kf8 43. Qd8+ Qe8 44. Qd6+ Kg7 45. Rg3+ 1-0